000 00528nam a2200169 i 4500
001 21850
003 ES-MaACL
005 20230906152546.0
007 t|
008 021128s1959 sp ||||1| spa d
100 1 _aAlejandro, José María de.
_919699
245 1 4 _aLas siete palabras del Señor en la Cruz... /
_cJosé María Alejandro.
260 _aSantander :
_bSal Terrae,
_c1959 (
_fJ. Martínez)
300 _a71 p. ;
_c21 cm.
600 1 4 _aJesucristo-
_xSiete palabras.
_9138139
852 _aES-MaACL
_j2013-F-10
_bR.44057
999 _c21850
_d21850